Văn học Trung Quốc/ 简明中国文学史

সংরক্ষণ করুন:
গ্রন্থ-পঞ্জীর বিবরন
বিন্যাস: গ্রন্থ
ভাষা:Chinese
প্রকাশিত: 北京广播学院 1997
বিষয়গুলি:
ট্যাগগুলো: ট্যাগ যুক্ত করুন
কোনো ট্যাগ নেই, প্রথমজন হিসাবে ট্যাগ করুন!
Thư viện lưu trữ: Mạng thư viện Đại học Đà Nẵng
LEADER 01066nam a22003131a 4500
001 000036182
003 12476
005 20160328000000.0
008 160328s1997 000 chi
041 |a chi 
082 |a 895.0951  |b VĂ-N 
245 |a Văn học Trung Quốc/ 简明中国文学史 
260 |a 北京广播学院  |c 1997 
300 |a 23tr . : mh ; 30cm 
650 |a Văn học Trung Quốc, 简明中国文学史, Trung Quốc 
852 |b Chuyên đề  |c Giáo trình 
OWN |a LNN 
AVA |a UDN50  |b LNN  |d 895.0951 VĂ-N  |e available  |t Error 5001 Not defined in file expand_doc_bib_avail.  |f 1  |g 0  |h N  |i 0  |k 1 
999 |a From the UDN01 
AVA |a UDN50  |b LNN  |d 895.0951 VĂ-N  |e available  |t Error 5001 Not defined in file expand_doc_bib_avail.  |f 1  |g 0  |h N  |i 0  |k 1 
TYP |a Monograph 
TYP |a Printed language 
980 |a Mạng thư viện Đại học Đà Nẵng